Statistiche per Elenca la formazione - Quiz n°234

Clicka qui per fare il quiz!

Statistiche generali

  • Questo quiz è stato fatto 14 volte
  • Il punteggio medio è 8 su 11

Statistiche sulle risposte

RuoloClub dell'epocaCalciatore% Corretto
PortiereManchester CityEderson
100%
CentrocampistaReal MadridCasemiro
91%
DifensoreJuventusDanilo
91%
DifensoreChelseaThiago Silva
91%
DifensoreParis Saint-GermainMarquinhos
82%
TrequartistaOlympique LioneLucas Paquetá
73%
AttaccanteParis Saint-GermainNeymar
73%
CentrocampistaManchester UnitedFred
64%
AlaEvertonRicharlison
64%
DifensoreAtletico MadridRenan Lodi
55%
AlaBenficaEverton
9%

Distribuzione punteggi

Percentile per numero di risposta

Percentuale di utenti per punteggio

I tuoi punteggi nel tempo

Non hai fatto questo quiz